[Event "Zudov Memorial-A 8th"]
[Site "Nizhnij Tagil"]
[Date "2012.10.14"]
[Round "12"]
[White "Putilov, Vladimir"]
[Black "Melnikov, Valery"]
[Result "1/2-1/2"]
[WhiteElo "2181"]
[BlackElo "2255"]
[PlyCount "51"]
[EventDate "2012.10.07"]
[EventType "tourn"]
[EventRounds "14"]
[EventCountry "RUS"]
[EventCategory "2"]
[SourceTitle "EXT 2013"]
[Source "ChessBase"]
[SourceDate "2012.11.22"]
[SourceVersion "1"]
[SourceVersionDate "2012.11.22"]
[SourceQuality "1"]

1. e4 c5 2. Ne2 Nc6 3. Nbc3 Nf6 4. g3 g6 5. Bg2 Bg7 6. 0-0 0-0 7. Rb1 d6 8. a3 Qa5 9. d3 Nd7 10. Bd2 Nd4 11. f4 e6 12. Kh1 a6 13. Nd5 Qd8 14. Ne3 Rb8 15. c3 Nxe2 16. Qxe2 f5 17. g4 fxg4 18. Qxg4 Qe7 19. Rf3 b5 20. Rbf1 Bb7 21. Rh3 Rbe8 22. Qg3 Nf6 23. Bf3 c4 24. Qh4 cxd3 25. f5 exf5 26. exf5 1/2-1/2

[Event "Nizhnij Tagil Stone Flower A"]
[Site "Nizhnij Tagil"]
[Date "2011.12.17"]
[Round "8"]
[White "Melnikov, Valery"]
[Black "Tetradze, Andrey"]
[Result "1/2-1/2"]
[WhiteElo "2253"]
[BlackElo "2154"]
[PlyCount "25"]
[EventDate "2011.12.10"]
[EventType "tourn"]
[EventRounds "9"]
[EventCountry "RUS"]
[SourceTitle "EXT 2022"]
[Source "ChessBase"]
[SourceDate "2021.10.06"]
[SourceVersion "1"]
[SourceVersionDate "2021.10.06"]
[SourceQuality "1"]

1. d4 Nf6 2. c4 g6 3. Nc3 Bg7 4. e4 0-0 5. Nf3 d6 6. Be2 Nc6 7. 0-0 a6 8. Rb1 e5 9. d5 Ne7 10. Bg5 h6 11. Bh4 Nh5 12. b4 Nf4 13. Nd2 1/2-1/2

[Event "Nizhnij Tagil Stone Flower A"]
[Site "Nizhnij Tagil"]
[Date "2011.12.15"]
[Round "6"]
[White "Melnikov, Valery"]
[Black "Kazakov, Konstantin"]
[Result "0-1"]
[WhiteElo "2253"]
[BlackElo "2298"]
[PlyCount "68"]
[EventDate "2011.12.10"]
[EventType "tourn"]
[EventRounds "9"]
[EventCountry "RUS"]
[SourceTitle "EXT 2022"]
[Source "ChessBase"]
[SourceDate "2021.10.06"]
[SourceVersion "1"]
[SourceVersionDate "2021.10.06"]
[SourceQuality "1"]

1. d4 Nf6 2. c4 e6 3. Nf3 b6 4. g3 Ba6 5. Qa4 c5 6. Bg2 Bb7 7. dxc5 Bxc5 8. 0-0 0-0 9. Nc3 Be7 10. Rd1 Na6 11. Bf4 Nc5 12. Qc2 d6 13. Nb5 Be4 14. Qc1 d5 15. Nc3 Rc8 16. b4 Ncd7 17. Nxe4 Nxe4 18. Ne5 Nd6 19. e4 Nxe5 20. Bxe5 Rxc4 21. Qb2 Nxe4 22. Bxe4 Rxe4 23. Bxg7 Rxb4 24. Qe5 Re4 25. Qb2 Rb4 26. Qe5 Qb8 27. Bxf8 Qxe5 28. Bxe7 Rc4 29. h4 f6 30. Re1 Qf5 31. Re2 Kf7 32. Bd6 Rc6 33. Bb4 d4 34. Rd1 e5 0-1

[Event "Nizhnij Tagil Stone Flower A"]
[Site "Nizhnij Tagil"]
[Date "2011.12.14"]
[Round "5"]
[White "Melnikov, Valery"]
[Black "Novoselov, Roman"]
[Result "0-1"]
[WhiteElo "2253"]
[BlackElo "2149"]
[PlyCount "164"]
[EventDate "2011.12.10"]
[EventType "tourn"]
[EventRounds "9"]
[EventCountry "RUS"]
[SourceTitle "EXT 2022"]
[Source "ChessBase"]
[SourceDate "2021.10.06"]
[SourceVersion "1"]
[SourceVersionDate "2021.10.06"]
[SourceQuality "1"]

1. d4 d5 2. c4 e6 3. Nc3 Nf6 4. cxd5 exd5 5. Bg5 Be7 6. e3 c6 7. Bd3 Ne4 8. Bxe7 Qxe7 9. Qc2 Bf5 10. Bxe4 Bxe4 11. Nxe4 dxe4 12. Ne2 0-0 13. 0-0 Nd7 14. Rfc1 Nb6 15. Nc3 Rfe8 16. a3 Rad8 17. b4 Nd5 18. Qb3 a6 19. Nxd5 Rxd5 20. Rc5 Red8 21. Rac1 Qe6 22. Qa4 f5 23. g3 f4 24. Qd1 f3 25. Qf1 Kf8 26. h3 Rxc5 27. bxc5 Rd5 28. Kh2 Rh5 29. h4 g5 30. Qh3 g4 31. Qf1 Rf5 32. Rc3 Qa2 33. Kg1 Rf7 34. Qc1 Qd5 35. Qb1 Re7 36. Qb2 Ke8 37. Rb3 Qf7 38. Qc3 Qd5 39. Qb2 Qf7 40. Rb4 Kd8 41. d5 cxd5 42. Qh8+ Qe8 43. Qd4 Kc8 44. Rb6 Re6 45. Qxd5 Rc6 46. Rxc6+ bxc6 47. Qf5+ Qd7 48. Qxe4 h5 49. Qb1 Qd5 50. Qc1 Qd3 51. a4 Kd7 52. Qf1 Qc2 53. Qxa6 Qd1+ 54. Qf1 Qxa4 55. Qd3+ Kc8 56. Qf5+ Kb7 57. Qb1+ Kc8 58. Qc1 Qe4 59. Kf1 Qd3+ 60. Kg1 Kc7 61. Qa1 Qd5 62. Qg7+ Kb8 63. Qd4 Qb3 64. Qd8+ Kb7 65. Qd7+ Kb8 66. Qd8+ Kb7 67. Qd7+ Kb8 68. Qe8+ Kb7 69. Qe7+ Ka6 70. Qc7 Qb1+ 71. Kh2 Qb5 72. Qc8+ Ka5 73. Qd8+ Kb4 74. Qb6 Kc4 75. Qxb5+ Kxb5 76. Kg1 Kxc5 77. Kf1 Kc4 78. Ke1 Kd3 79. Kd1 c5 80. Kc1 Ke2 81. e4 Kxf2 82. e5 Kg2 0-1

[Event "Nizhnij Tagil Stone Flower A"]
[Site "Nizhnij Tagil"]
[Date "2011.12.13"]
[Round "4"]
[White "Putilov, Vladimir"]
[Black "Melnikov, Valery"]
[Result "1/2-1/2"]
[WhiteElo "2176"]
[BlackElo "2253"]
[PlyCount "105"]
[EventDate "2011.12.10"]
[EventType "tourn"]
[EventRounds "9"]
[EventCountry "RUS"]
[SourceTitle "EXT 2022"]
[Source "ChessBase"]
[SourceDate "2021.10.06"]
[SourceVersion "1"]
[SourceVersionDate "2021.10.06"]
[SourceQuality "1"]

1. e4 c5 2. c3 Nf6 3. e5 Nd5 4. d4 cxd4 5. Nf3 Nc6 6. Bc4 Nb6 7. Bb3 d5 8. exd6 Qxd6 9. Na3 dxc3 10. Nb5 Qxd1+ 11. Kxd1 Rb8 12. Re1 cxb2 13. Bxb2 e6 14. Ne5 Na8 15. Rc1 a6 16. Nxc6 bxc6 17. Na7 c5 18. Be5 Rb7 19. Nxc8 Kd7 20. Ba4+ Kxc8 21. Bc6 Ra7 22. Rb1 Nc7 23. Re2 f6 24. Bxc7 Kxc7 25. Rxe6 Bd6 26. Bf3 Rd8 27. Kc2 Rd7 28. Rd1 Rd8 29. a4 a5 30. g3 Ra6 31. Be2 Rb6 32. Bb5 c4 33. f4 c3 34. Rd3 Bc5 35. Rxb6 Bxb6 36. Rxc3+ Kb7 37. f5 Bd4 38. Rc4 h5 39. Bc6+ Kb6 40. Bf3 Bc5 41. Bxh5 Rd4 42. Kc3 Rxc4+ 43. Kxc4 Bg1 44. h3 Bf2 45. g4 Kc6 46. Bg6 Bh4 47. Be8+ Kd6 48. Bg6 Ke5 49. Kb5 Be1 50. Bf7 Kf4 51. Bc4 Kg3 52. Bf1 Kf2 53. Bd3 1/2-1/2

[Event "Zudov Memorial-A 6th"]
[Site "Nizhnij Tagil"]
[Date "2010.06.29"]
[Round "5"]
[White "Melnikov, Valery"]
[Black "Pogromsky, Mikhail"]
[Result "0-1"]
[WhiteElo "2255"]
[BlackElo "2412"]
[PlyCount "64"]
[EventDate "2010.06.25"]
[EventType "tourn"]
[EventRounds "11"]
[EventCountry "RUS"]
[EventCategory "3"]
[SourceTitle "EXT 2011"]
[Source "ChessBase"]
[SourceDate "2010.11.26"]
[SourceVersion "1"]
[SourceVersionDate "2010.11.26"]
[SourceQuality "1"]

1. d4 Nf6 2. Nf3 d5 3. c4 c6 4. g3 dxc4 5. Bg2 b5 6. 0-0 Bb7 7. Ne5 e6 8. Nc3 a6 9. a4 Nd5 10. e4 Nxc3 11. bxc3 Nd7 12. f4 Be7 13. Qe2 Qc7 14. f5 Nxe5 15. Bf4 Bd6 16. dxe5 Bxe5 17. fxe6 0-0 18. exf7+ Rxf7 19. Bxe5 Rxf1+ 20. Rxf1 Qxe5 21. Qf2 Qe7 22. Qb6 bxa4 23. Rb1 a3 24. Qd4 Bc8 25. e5 Be6 26. Bxc6 Rd8 27. Qb6 a2 28. Ra1 Rd2 29. Be4 g6 30. Qb8+ Kg7 31. Bg2 Qc5+ 32. Kh1 Bd5 0-1

[Event "Zudov Memorial-A 6th"]
[Site "Nizhnij Tagil"]
[Date "2010.06.27"]
[Round "3"]
[White "Melnikov, Valery"]
[Black "Kaliberda, Vladimir"]
[Result "0-1"]
[WhiteElo "2255"]
[BlackElo "2285"]
[PlyCount "62"]
[EventDate "2010.06.25"]
[EventType "tourn"]
[EventRounds "11"]
[EventCountry "RUS"]
[EventCategory "3"]
[SourceTitle "EXT 2011"]
[Source "ChessBase"]
[SourceDate "2010.11.26"]
[SourceVersion "1"]
[SourceVersionDate "2010.11.26"]
[SourceQuality "1"]

1. Nf3 Nf6 2. c4 e6 3. Nc3 c5 4. g3 b6 5. Bg2 Bb7 6. d4 cxd4 7. Qxd4 Nc6 8. Qf4 d5 9. cxd5 Nxd5 10. Nxd5 Qxd5 11. 0-0 Bd6 12. Qh4 Be7 13. Bg5 f6 14. Be3 Rd8 15. Nd4 Qd7 16. Nxc6 Bxc6 17. Rfd1 Qxd1+ 18. Rxd1 Rxd1+ 19. Bf1 Kf7 20. Qc4 Rc8 21. f3 Bd7 22. Qb3 Rd5 23. Kf2 Bc5 24. Bxc5 Rcxc5 25. Ke3 Bb5 26. Qa3 a5 27. f4 Rd1 28. Bh3 f5 29. Bg2 Rc2 30. Bf3 Rdd2 31. Qb3 Rxb2 0-1

[Event "Nizhnij Tagil Stone Flower-A"]
[Site "Nizhnij Tagil"]
[Date "2009.12.13"]
[Round "10"]
[White "Melnikov, Valery"]
[Black "Orekhov, Evgeny"]
[Result "1/2-1/2"]
[WhiteElo "2148"]
[BlackElo "2469"]
[PlyCount "46"]
[EventDate "2009.12.07"]
[EventType "tourn"]
[EventRounds "12"]
[EventCountry "RUS"]
[SourceTitle "EXT 2022"]
[Source "ChessBase"]
[SourceDate "2021.10.06"]
[SourceVersion "1"]
[SourceVersionDate "2021.10.06"]
[SourceQuality "1"]

1. Nf3 Nf6 2. c4 g6 3. Nc3 Bg7 4. g3 0-0 5. Bg2 d6 6. d4 Nc6 7. d5 Nb8 8. 0-0 e5 9. dxe6 fxe6 10. h3 Nc6 11. Bg5 Qe8 12. Qd2 e5 13. Rad1 Bf5 14. e4 Be6 15. b3 Kh8 16. Be3 b6 17. Ne1 Nh5 18. Nc2 Qd7 19. h4 Rf7 20. Ne2 Raf8 21. f3 Bh3 22. Kh2 Bxg2 23. Kxg2 Nf6 1/2-1/2

[Event "Nizhnij Tagil Stone Flower-A"]
[Site "Nizhnij Tagil"]
[Date "2009.12.12"]
[Round "9"]
[White "Tetradze, Andrey"]
[Black "Melnikov, Valery"]
[Result "1/2-1/2"]
[WhiteElo "2195"]
[BlackElo "2148"]
[PlyCount "43"]
[EventDate "2009.12.07"]
[EventType "tourn"]
[EventRounds "12"]
[EventCountry "RUS"]
[SourceTitle "EXT 2022"]
[Source "ChessBase"]
[SourceDate "2021.10.06"]
[SourceVersion "1"]
[SourceVersionDate "2021.10.06"]
[SourceQuality "1"]

1. e4 c5 2. Nc3 Nc6 3. g3 g6 4. Bg2 Bg7 5. d3 e6 6. Be3 d6 7. Nge2 Nd4 8. Qd2 Ne7 9. 0-0-0 Rb8 10. Bh6 Nxe2+ 11. Nxe2 Bxh6 12. Qxh6 Ng8 13. Qe3 e5 14. f4 Bg4 15. h3 Bxe2 16. Qxe2 Nf6 17. Kb1 0-0 18. Qe3 Qe7 19. g4 Ne8 20. f5 Qh4 21. Rdg1 g5 22. Rf1 1/2-1/2

[Event "Nizhnij Tagil Stone Flower-A"]
[Site "Nizhnij Tagil"]
[Date "2009.12.07"]
[Round "1"]
[White "Baraeva, Marina"]
[Black "Melnikov, Valery"]
[Result "0-1"]
[WhiteElo "2062"]
[BlackElo "2148"]
[PlyCount "126"]
[EventDate "2009.12.07"]
[EventType "tourn"]
[EventRounds "12"]
[EventCountry "RUS"]
[SourceTitle "EXT 2022"]
[Source "ChessBase"]
[SourceDate "2021.10.06"]
[SourceVersion "1"]
[SourceVersionDate "2021.10.06"]
[SourceQuality "1"]

1. c4 g6 2. Nc3 Bg7 3. d4 Nf6 4. e4 d6 5. Be2 0-0 6. Nf3 e5 7. 0-0 exd4 8. Nxd4 Nc6 9. Be3 Re8 10. f3 Nh5 11. Qd2 Nxd4 12. Bxd4 Nf4 13. Bxg7 Nxe2+ 14. Qxe2 Kxg7 15. Qf2 c6 16. Rad1 Qf6 17. Qd2 Be6 18. Qxd6 Bxc4 19. Qxf6+ Kxf6 20. Rd6+ Ke7 21. Rfd1 Rad8 22. e5 Rxd6 23. Rxd6 Rd8 24. b3 Be6 25. Ne4 Rxd6 26. Nxd6 b6 27. Ne4 a5 28. Kf2 a4 29. Nd2 Bd5 30. g3 Ke6 31. f4 g5 32. Ke3 Kf5 33. h3 gxf4+ 34. gxf4 axb3 35. axb3 c5 36. Nc4 b5 37. Nd6+ Ke6 38. Nxb5 Bxb3 39. Nc3 Bc2 40. Kf3 h5 41. h4 Kf5 42. Nb5 Bd1+ 43. Kg3 f6 44. exf6 Kxf6 45. Nc3 Bc2 46. Kf3 Kf5 47. Kg3 Be4 48. Nb5 Bc6 49. Nd6+ Ke6 50. Nc4 Kd5 51. Ne5 Ba4 52. Nd3 c4 53. Nc1 Bc2 54. Kf3 Kd4 55. Ne2+ Kd3 56. f5 Kd2 57. Nd4 Bd3 58. Kf4 c3 59. Ke5 Ke3 60. Nb3 Bc4 61. Nc1 Kd2 62. Kd4 c2 63. f6 Kxc1 0-1

[Event "Verkhnya Salda-ch op"]
[Site "Verkhnya Salda"]
[Date "2009.11.19"]
[Round "7"]
[White "Melnikov, Valery"]
[Black "Putilov, Vladimir"]
[Result "1-0"]
[WhiteElo "2148"]
[BlackElo "2026"]
[PlyCount "145"]
[EventDate "2009.10.22"]
[EventType "swiss"]
[EventRounds "9"]
[EventCountry "RUS"]
[SourceTitle "EXT 2022"]
[Source "ChessBase"]
[SourceDate "2021.10.06"]
[SourceVersion "1"]
[SourceVersionDate "2021.10.06"]
[SourceQuality "1"]

1. Nf3 d5 2. d4 Nf6 3. c4 c6 4. Nc3 a6 5. e3 e6 6. Qc2 Nbd7 7. Bd2 dxc4 8. Bxc4 b5 9. Bd3 c5 10. a4 c4 11. Be2 Rb8 12. axb5 axb5 13. 0-0 Bd6 14. e4 e5 15. h3 0-0 16. Be3 Re8 17. Rfd1 Qc7 18. dxe5 Nxe5 19. Ra7 Nxf3+ 20. Bxf3 Bh2+ 21. Kh1 Qe5 22. Bd4 Qf4 23. Ne2 Qd6 24. Bxf6 Qxf6 25. Kxh2 Qb6 26. Raa1 Qxf2 27. Nd4 Qh4 28. Qd2 Qf6 29. Ne2 Be6 30. Qd4 Qe7 31. Ra7 Qh4 32. e5 Qg5 33. Qf4 Qg6 34. Ng3 Qc2 35. Rd6 Rf8 36. Qd2 Qxd2 37. Rxd2 b4 38. Rc7 Rb5 39. Be2 c3 40. Bxb5 cxd2 41. Be2 Rd8 42. Bd1 g6 43. Rc6 Rd5 44. Rd6 Rxe5 45. Rxd2 h5 46. Rd4 Rb5 47. b3 Kg7 48. Ne4 Rb6 49. Nc5 Bf5 50. Nd3 Kf6 51. Nxb4 Ke5 52. Rc4 Be6 53. Nd3+ Kf5 54. Rf4+ Kg5 55. h4+ Kh6 56. Nc5 g5 57. hxg5+ Kxg5 58. Nxe6+ fxe6 59. Re4 Rd6 60. Bf3 Rd3 61. Rxe6 Rxb3 62. Re5+ Kf6 63. Rxh5 Rc3 64. Kg3 Kg6 65. Ra5 Kf6 66. Kf4 Rc4+ 67. Be4 Rb4 68. g4 Kg7 69. g5 Rb6 70. Ra7+ Kf8 71. g6 Rd6 72. Ke5 Rb6 73. g7+ 1-0

[Event "Verkhnya Salda-ch op"]
[Site "Verkhnya Salda"]
[Date "2009.10.25"]
[Round "3"]
[White "Melnikov, Valery"]
[Black "Matveev, Vladimir1111"]
[Result "1/2-1/2"]
[WhiteElo "2148"]
[BlackElo "2267"]
[PlyCount "43"]
[EventDate "2009.10.22"]
[EventType "swiss"]
[EventRounds "9"]
[EventCountry "RUS"]
[SourceTitle "EXT 2022"]
[Source "ChessBase"]
[SourceDate "2021.10.06"]
[SourceVersion "1"]
[SourceVersionDate "2021.10.06"]
[SourceQuality "1"]

1. Nf3 Nf6 2. g3 g6 3. Bg2 Bg7 4. 0-0 0-0 5. d3 d6 6. e4 c5 7. Re1 Nfd7 8. c3 Nc6 9. a4 Rb8 10. Na3 a6 11. d4 b5 12. axb5 axb5 13. Be3 b4 14. Nc4 bxc3 15. bxc3 cxd4 16. cxd4 Nb4 17. Na5 Nf6 18. Bd2 Bd7 19. Re3 Rb5 20. Rea3 Qb8 21. Bf1 Rb6 22. Nc4 1/2-1/2

[Event "RUS-chT Clubs U18"]
[Site "Rybinsk"]
[Date "2009.08.07"]
[Round "6"]
[White "Melnikov, Valery"]
[Black "Musakaev, Emil"]
[Result "1/2-1/2"]
[WhiteElo "2130"]
[BlackElo "2333"]
[PlyCount "81"]
[EventDate "2009.08.02"]
[EventType "team-swiss"]
[EventRounds "9"]
[EventCountry "RUS"]
[SourceTitle "CBM 131 Extra"]
[Source "ChessBase"]
[SourceDate "2009.09.03"]
[SourceVersion "2"]
[SourceVersionDate "2009.09.16"]
[SourceQuality "1"]

1. e4 c5 2. Nf3 Nf6 3. Nc3 d5 4. exd5 Nxd5 5. Bb5+ Bd7 6. Ne5 e6 7. Qf3 Qe7 8. Nxd7 Nxd7 9. 0-0 Nxc3 10. dxc3 0-0-0 11. Bf4 e5 12. Rad1 f6 13. Rd2 Nb6 14. Rxd8+ Qxd8 15. Rd1 Qc7 16. Be3 a6 17. Be2 Kb8 18. a4 Nxa4 19. Qg4 Nb6 20. Qe6 Be7 21. b4 Rd8 22. Rxd8+ Qxd8 23. bxc5 Nd5 24. c6 Nxe3 25. fxe3 bxc6 26. Qxc6 Qd6 27. Qc4 Qc5 28. Qb3+ Ka7 29. Kf2 f5 30. Qa4 f4 31. Qxa6+ Kb8 32. Qd3 Bg5 33. Bf3 Qxe3+ 34. Qxe3 fxe3+ 35. Ke2 Kc7 36. Be4 h5 37. g3 h4 38. gxh4 Bxh4 39. Kxe3 Kd6 40. Bd3 Be7 41. c4 1/2-1/2

[Event "RUS-chT Clubs U18"]
[Site "Rybinsk"]
[Date "2009.08.03"]
[Round "2"]
[White "Melnikov, Valery"]
[Black "Yudin, Ivan"]
[Result "1/2-1/2"]
[WhiteElo "2130"]
[BlackElo "2256"]
[PlyCount "119"]
[EventDate "2009.08.02"]
[EventType "team-swiss"]
[EventRounds "9"]
[EventCountry "RUS"]
[SourceTitle "CBM 131 Extra"]
[Source "ChessBase"]
[SourceDate "2009.09.03"]
[SourceVersion "2"]
[SourceVersionDate "2009.09.16"]
[SourceQuality "1"]

1. Nf3 d5 2. d4 Nf6 3. c4 e6 4. Nc3 Be7 5. cxd5 exd5 6. Bg5 c6 7. e3 Bf5 8. Bd3 Bxd3 9. Qxd3 Nbd7 10. 0-0 0-0 11. Rac1 Re8 12. h3 Ne4 13. Bf4 Bf8 14. Nd2 Nxd2 15. Qxd2 Nb6 16. Qc2 Nc8 17. Na4 Bd6 18. Bxd6 Nxd6 19. Nc5 Qe7 20. a4 f6 21. b3 Qf7 22. a5 a6 23. Rfe1 Re7 24. f3 f5 25. Nd3 Rae8 26. Ne5 Qf6 27. Re2 Nf7 28. f4 Nd6 29. Rf2 Ne4 30. Rf3 Re6 31. g4 Qh4 32. gxf5 Rf6 33. Kh2 Rxf5 34. Rg1 Qf6 35. Qg2 Re7 36. b4 g6 37. Qg4 Rg7 38. Rg2 Qe7 39. Rb2 Qd8 40. h4 Qe7 41. Rh3 Nf6 42. Qg1 Rh5 43. Qe1 Ne4 44. Rg2 Kh8 45. Rg4 Qe6 46. Qg1 Qf5 47. Qg2 Qf8 48. Qb2 Qe7 49. Kg1 Rg8 50. Kh2 Rf8 51. Kg2 Rf6 52. Kh2 Kg7 53. Rg2 Kf8 54. Qe2 Qe6 55. Qg4 Rff5 56. Qe2 Ke8 57. Qd1 Qe7 58. Qe1 Kd8 59. Rc2 Ke8 60. Rg2 1/2-1/2

[Event "Ekaterinburg 09"]
[Site "Ekaterinburg"]
[Date "2008.09.23"]
[Round "9"]
[White "Bunkov, Sergey"]
[Black "Melnikov, Valery"]
[Result "1/2-1/2"]
[WhiteElo "2364"]
[BlackElo "2109"]
[PlyCount "25"]
[EventDate "2008.09.15"]
[EventType "tourn"]
[EventRounds "11"]
[EventCountry "RUS"]
[EventCategory "1"]
[SourceTitle "EXT 2010"]
[Source "ChessBase"]
[SourceDate "2010.11.25"]
[SourceVersion "1"]
[SourceVersionDate "2010.11.25"]
[SourceQuality "1"]

1. e4 c5 2. Nf3 Nc6 3. Bb5 e6 4. 0-0 Nge7 5. d3 a6 6. Bxc6 Nxc6 7. Nc3 Be7 8. Ne2 0-0 9. c3 d5 10. exd5 Qxd5 11. d4 cxd4 12. Nexd4 Bf6 13. Nxc6 1/2-1/2

[Event "Ekaterinburg 09"]
[Site "Ekaterinburg"]
[Date "2008.09.17"]
[Round "3"]
[White "Melnikov, Valery"]
[Black "Gusarov, Grigory"]
[Result "0-1"]
[WhiteElo "2109"]
[BlackElo "2200"]
[PlyCount "80"]
[EventDate "2008.09.15"]
[EventType "tourn"]
[EventRounds "11"]
[EventCountry "RUS"]
[EventCategory "1"]
[SourceTitle "EXT 2010"]
[Source "ChessBase"]
[SourceDate "2010.11.25"]
[SourceVersion "1"]
[SourceVersionDate "2010.11.25"]
[SourceQuality "1"]

1. e4 c5 2. c3 e6 3. d4 d5 4. exd5 exd5 5. Bb5+ Nc6 6. Nf3 Bd6 7. Be3 cxd4 8. Qxd4 Nf6 9. 0-0 0-0 10. Qd3 Ne4 11. Bxc6 bxc6 12. c4 Ba6 13. Rc1 Qf6 14. Qd4 Qxd4 15. Nxd4 c5 16. Nb5 Be5 17. N1c3 Nxc3 18. bxc3 dxc4 19. a4 Rfc8 20. f4 Bf6 21. Nd6 Rc6 22. Ne4 Be7 23. Re1 Rd8 24. Rad1 Rd3 25. Nf2 Rxd1 26. Rxd1 Bc8 27. Rb1 Rb6 28. Rb5 Bd7 29. Rxb6 axb6 30. a5 bxa5 31. Ne4 a4 32. Bc1 Bf5 33. Nf2 Bf6 34. Nd1 h5 35. Ne3 Be4 36. Nd1 Kf8 37. Be3 Ke8 38. Kf2 Kd7 39. g3 Kc6 40. h3 Bc2 0-1

[Event "RUS-chT Clubs U18"]
[Site "Rybinsk"]
[Date "2008.08.04"]
[Round "3"]
[White "Matinian, Nikita"]
[Black "Melnikov, Valery"]
[Result "1-0"]
[WhiteElo "2291"]
[BlackElo "2109"]
[PlyCount "37"]
[EventDate "2008.08.02"]
[EventType "team"]
[EventRounds "9"]
[EventCountry "RUS"]
[SourceTitle "CBM 125 Extra"]
[Source "ChessBase"]
[SourceDate "2008.09.01"]
[SourceVersion "1"]
[SourceVersionDate "2008.09.01"]
[SourceQuality "1"]

1. e4 c5 2. Nf3 d6 3. d4 cxd4 4. Nxd4 Nf6 5. Nc3 Nc6 6. Bg5 Bd7 7. Bc4 Qa5 8. Bxf6 gxf6 9. Nb3 Qg5 10. g3 h5 11. f4 Qg4 12. Be2 Qg6 13. Qd2 f5 14. e5 dxe5 15. Nb5 Rc8 16. 0-0-0 Be6 17. Bc4 Bg7 18. Bxe6 fxe6 19. Qd7+ 1-0

[Event "RUS-chT Clubs U18"]
[Site "Rybinsk"]
[Date "2008.08.03"]
[Round "2"]
[White "Melnikov, Valery"]
[Black "Dubov, Daniil"]
[Result "0-1"]
[WhiteElo "2109"]
[BlackElo "2237"]
[PlyCount "108"]
[EventDate "2008.08.02"]
[EventType "team"]
[EventRounds "9"]
[EventCountry "RUS"]
[SourceTitle "CBM 125 Extra"]
[Source "ChessBase"]
[SourceDate "2008.09.01"]
[SourceVersion "1"]
[SourceVersionDate "2008.09.01"]
[SourceQuality "1"]

1. e4 c5 2. Nf3 e6 3. d3 Nc6 4. Nbd2 d5 5. g3 g6 6. Bg2 Bg7 7. 0-0 Nge7 8. Re1 0-0 9. e5 b5 10. Nf1 Qc7 11. Bf4 d4 12. Qd2 Re8 13. Bh6 Bh8 14. h4 Nd5 15. Qe2 Ba6 16. N1h2 c4 17. Ng4 Rac8 18. Ng5 Nce7 19. Ne4 Nf5 20. Nef6+ Nxf6 21. exf6 Nxh6 22. Nxh6+ Kf8 23. Qf3 Qd8 24. Ng4 h5 25. Ne5 Rc7 26. Qf4 Kg8 27. Nc6 Qe7 28. Nxd4 cxd3 29. cxd3 Rc5 30. b4 Rcc8 31. Nb3 Rcd8 32. Nc5 Qd6 33. Qf3 Bc8 34. a4 Qd4 35. axb5 Qxb4 36. Na6 Bxa6 37. bxa6 Qb2 38. Qb7 Bxf6 39. Rab1 Qd4 40. Be4 Re7 41. Qb4 Qxb4 42. Rxb4 Bc3 43. Reb1 Bxb4 44. Rxb4 Rd6 45. Rb8+ Kg7 46. Bb7 Rxd3 47. Ra8 Rc7 48. Rxa7 Rd8 49. Kg2 Kf6 50. Kf3 Ke5 51. Ke3 Kd6 52. Kf4 f6 53. Ra8 Rxa8 54. Bxa8 Rc3 0-1